Datum a čas kvízu
23
Celkem bodů
Celkový počet nahraných bodů na tomto kvízu bez doplňovacích otázek.
9.
Pořadí na kvízu
Konečné umístění týmu na tomto kvízu.
Zaznamenané odpovědi
| # | Otázka | Odpověď | Body | Výsledky |
|---|---|---|---|---|
| 1. | Koncem týdne ovlivnila počasí... | Boris | 0 | |
| 2. | Minulý týden jsme se dozvěděli... | Stanford (University) | 1 | |
| 3. | Minulý týden jsme se dozvěděli... | Dominika Branišová | 0 | |
| 4. | Produkty jisté americké společ... | Avon | 0 | |
| 5. | Minulý týden se náš fotbal dos... | v Ústí nad Labem | 1 | |
| 6. | Může to být alergie, dieta, ne... | chia | 1 | |
| 7. | Ve zdravých receptech se můžem... | zoodles | 0 | |
| 8. | Asi nepřekvapí, že ve stavu be... | tortilly | 1 | |
| 9. | Tento sirup, kterým lze sladit... | z čekanky | 1 | |
| 10. | Naprostým mistrem v nahrazován... | hořčici | 0 |